000
00289 a2200121 4500
001
54296
082
_a
620.1123 LEN
090
_c
33839
_d
33839
100
_a
Landau,L.D
245
_a
Theory of Elasticity,, 3/e
_p
CAEVol. 7
250
_a
3
260
_a
New Delhi
_b
Butterworth Heinemann
942
_a
NUST-CAE
_k
620.1123 LEN
999
_c
289369
_d
289369